1822 1950 1675 1404 1392 1885 1799 1263 1109 1561 1047 1404 1661 1485 1800 1495 1819 1591 1348 1845 1624 1303 1846 1988 1474 1321 1140 1286 1812 1543 1743 1233 1483 1054 1819 1571 1628 1866 1441 1427 1400 1436 1473 1342 1494 1897 1923 1798 1955 1236 1751 1215 1682 1851 1934 1037 1026 1875 1197 1784 1100 1928 1811 1428 1578 1538 1472 1707 1835 1276 1836 1101 1789 1361 1191 1676 1826 1315 1329 1402 1408 1235 1693 1033 1499 1295 1624 1197 1372 1397 1704 1856 1678 1166 1914 1915 1508 1201 1091 BCNSPRNW ULIB Ver.6.0+V

เปลี่ยนเป็นภาษาไทย

Change to English
 แสดงรายละเอียดบรรณานุกรม
  กลับหน้าหลัก

Brief Record : Get Marc (ISO 2709) : E-mail record : QR code < ปิดหน้าต่าง
LEADER : 00000nam 2200000uu 4500
001    13399122657
003     ULIB
008    020711s2555 th a 000 0 tha d
020    9786167572758
090    นว.^bธ111ล
100    ธนฐา
110    ทัช
245    เล่ห์ร้ายใต้รอยรัก /^cธนฐา
260    นนทบุรี :^bทัช,^c2555
300    232 หน้า
945    ^p160^l0^i20113
999    ^aทศพร เกษรทอง
รายการนี้ยังไม่มีแท็ก
คุณยังไม่ได้ล็อกอิน คุณสามารถมีกิจกรรมร่วมกับเว็บไซต์ได้ แต่ต้องล็อกอินก่อน ::
  ล็อกอิน

รายการสื่อสารสนเทศ

ลำดับที่ ประเภท เลขเรียก/บาร์โค้ด สถานที่ สถานะ
1. นวนิยาย
นวนิยาย
นว. ธ111ล ฉ.1 
  Barcode: 20113
ห้องสมุดวิทยาเขตนครสวรรค์
►นวนิยาย:l:Fiction
บนชั้น

BibComment


ยังไม่เคยถูกคอมเมนท์

คอมเมนท์ทรัพยากรรายการนี้
  คอมเมนท์: เล่ห์ร้ายใต้รอยรั..


 Copyright 2026. Bcnsprnw @Library